Las Catedrales de Francia /

Gespeichert in:
Bibliographische Detailangaben
1. Verfasser: Rodin, Auguste (autor)
Weitere Verfasser: Destéfano, José R. (preliminares) (preliminares)
Format: Buch
Sprache:Spanisch
Veröffentlicht: Buenos Aires, Argentina : El Ateneo, 1943, c1943
Tags: Tag hinzufügen
Keine Tags, Fügen Sie das erste Tag hinzu!

MARC

LEADER 00000nam^a2200000^a^4500
001 000628610
005 20260226103331.0
009 20260310134115.72
037 |a Acervo ITESO - Biblioteca 
041 |a ESP 
091 |a FOB. 04238 
100 |a Rodin, Auguste  |e (autor) 
245 1 0 |a Las Catedrales de Francia / 
264 4 |a Buenos Aires, Argentina :  |b El Ateneo,  |c 1943, c1943 
300 |a 242 p. 
336 |a texto  |b txt  |2 rdacontenido 
337 |a sin mediación  |b n  |2 rdamedio 
338 |a volumen  |b nc  |2 rdasoporte 
649 |a XX 
700 |a Destéfano, José R.  |e (preliminares) 
910 |a Fondo Carlos de Obeso Orendain 
920 |a Impresos - Libros 
930 |a Fondos Especiales 
905 |a 147 
901 |a 628610-10  |b IT2  |c ESP  |i D  |u 20260225 
902 |a https://opac.biblio.iteso.mx/vufind/Record/000628610